书目信息 |
| 题名: |
广州经济年鉴
|
|
| 作者: | ;广州经济年鉴编纂委员会 编辑 | |
| 分册: | ||
| 出版信息: | 广州 广州经济年鉴编辑委员会 1983 |
|
| 页数: | 827页 | |
| 开本: | 25cm | |
| 丛书名: | ||
| 单 册: | ||
| 中图分类: | F127.65-54 | |
| 科图分类: | ||
| 主题词: | 地方经济--中国--广东--年鉴 | |
| 电子资源: | ||
| ISBN: | ||
| 000 | 00706nam0 2200217 45 | |
| 001 | 0183002728 | |
| 005 | 20050428150024.5 | |
| 010 | @b精装@dCNY15.00 | |
| 100 | @a19950114d1983 em y0chiy0121 ea | |
| 101 | 0 | @achi |
| 102 | @aCN@b440000 | |
| 105 | @ay zig 000yy | |
| 200 | 10 | @a广州经济年鉴@Aguang zhou jing ji nian jian@e1983@f广州经济年鉴编纂委员会编辑@FGuang Zhou Jing Ji Nian Jian Bian Zuan Wei Yuan Hui Bian Ji |
| 210 | @a广州@c广州经济年鉴编辑委员会@d1983 | |
| 215 | @a827页@d25cm | |
| 606 | @a地方经济@x中国@y广东@x年鉴 | |
| 690 | @aF127.65-54@v3 | |
| 711 | 02 | @a广州经济年鉴编纂委员会@4编辑 |
| 801 | 0 | @aCN@b上海图书馆@c20050427 |
| 801 | 2 | @aCN@bNLC@c20050427 |
| 905 | @f1@b128947@dF127.65-54@e9 | |
| 广州经济年鉴:1983/广州经济年鉴编纂委员会编辑.-广州:广州经济年鉴编辑委员会,1983 |
| 827页;25cm |
| ISBN (精装):CNY15.00 |
| ● |
| 相关链接 |
|
|
|
|
正题名:广州经济年鉴
索取号:F127.65-54/9
 
预约/预借
| 序号 | 登录号 | 条形码 | 馆藏地/架位号 | 状态 | 备注 |
| 1 | 0128947 | 001577190 | 工具书阅览室/ [索取号:F127.65-54/9] | 在馆 | |
| 2 | 0128948 | 002057614 | 第一样本阅览室/ [索取号:F127.65-54/9] | 在馆 |